Statistics for Stephen and Logan's General Knowledge #1

Click here to take the quiz!

General Stats

  • This quiz has been taken 42 times
    (35 since last reset)
  • The average score is 7 of 20

Answer Stats

QuestionAnswer% Correct
FREE SPACE (JUST TYPE FREE)FREE
91%
What state kind of looks like a penis?Florida
68%
Who likes to drink rum, sail the seas, and hunt for booty?Pirates
64%
What show does Alex Trebek host?Jeopardy!
59%
In Spongebob, what is the name of Plankton's restaurant?The Chum Bucket
55%
"That girl is thicker than bowl of ______" Hint: popular breakfastOatmeal
50%
What is the name of the conflict between Argentina and UK over territories in the South Atlantic?Falklands War
45%
What JUUL pod flavor is known by it's light green color?Mint
41%
She's a ____ house. She's might might, just letting it all hang outBrick
32%
Second largest city in Washington?Spokane
32%
What fruity drink does Dr. John Dorian like to order at bars?Appletini
27%
What feline friendly invention does Charlie create in It's Always Sunny in Philadelphia?Kitten Mittens
27%
What's the second song that Ferris Bueller sings on the float?Twist and Shout
27%
What college basketball team does Rui Hachimura play for?Gonzaga
23%
What character does Uma Thurman play in Kill Bill / Kill Bill 2?The Bride
18%
What malt beverage features flavors such as sour apple, gold, and watermelonFour Loko
14%
Tallest mountain in Colorado?Mount Elbert
9%
What Hawaiian island housed a colony of lepers?Molokai
5%
What Cardinal is known for consolidating power within the French Monarchy?Richelieu
5%
What syndrome results from the death of muscle fibers and release of their contents into the bloodstream?Rhabdomyolysis
0%

Score Distribution

Percentile by Number Answered

Percent of People with Each Score

Your Score History

You have not taken this quiz since the last reset